Statistics for Mabel Charting Songs (Billboard Hot Dance)

Click here to take the quiz!

General Stats

  • This quiz has been taken 27 times
    (11 since last reset)
  • The average score is 3 of 5

Answer Stats

AlbumWeeks OnPeakArtist(s)Song% Correct
Non-Album Single24 Weeks#10Clean Bandit & Mabel ft. 24kGoldnTick Tock
89%
Non-Album Single20 Weeks#22Joel Corry & MabelI Wish
78%
High Expectations20 Weeks#13Tiesto & MabelGod is a Dancer
56%
Snacks EP, Ivy to Roses and High Expectations8 Weeks#33Jax Jones ft. Mabel & Rich The KidRing Ring
56%
Non-Album Single3 Weeks#22Mabel, Jax Jones & GalantisGood Luck
33%

Score Distribution

Percentile by Number Answered

Percent of People with Each Score

Your Score History

You have not taken this quiz since the last reset